| 000 | 00399nam a2200193Ia 4500 | ||
|---|---|---|---|
| 001 | 14458 | ||
| 003 | GE_BSU | ||
| 008 | 181216s||||||||xx |||||||||||||| ||und|| | ||
| 020 | _a9780330452922 | ||
| 040 | _cGE_BSU | ||
| 100 | _aCottrell Boyce,Frank | ||
| 245 | _aFramed. | ||
| 260 | _aLondon | ||
| 260 | _bMacmillan | ||
| 260 | _c2008 | ||
| 300 | _a329p.20cm. | ||
| 653 | _aFramed. | ||
| 942 | _cBK | ||
| 999 |
_c47591 _d47591 |
||